Statistics for Houston Rockets All-Time Roster

Click here to take the quiz!

General Stats

  • This quiz has been taken 858 times
  • The average score is 7 of 12

Answer Stats

PostPlayer% Correct
CHakeem Olajuwon
98%
SGJames Harden
98%
BNYao Ming
79%
SFTracy McGrady
75%
BNClyde Drexler
73%
PFMoses Malone
53%
PGSteve Francis
47%
BNRalph Sampson
46%
BNCalvin Murphy
36%
BNRudy Tomjanovich
30%
BNElvin Hayes
28%
BNOtis Thorpe
25%

Score Distribution

Percentile by Number Answered

Percent of People with Each Score

Your Score History

You have not taken this quiz